000 01215cam a22003497a 4500
003 CHAP
005 20220817043058.0
008 971010s1978 r 00010 d
010 _a64960
011 _a65932
035 _a73532
040 _cCHAP
082 _a583.32
_bF36
110 _aFAO
245 1 4 _aLas leguminosas alimenticias; su distribución, su capacidad de adaptación y biología de los rendimientos
260 _aRoma :
_bFAO,
_c1978
300 _a123 p.
_b; gráfs.
490 0 _aFAO. Producción y protección vegetal
_v; 3m
590 _aBATCH-UPD
_b10
_c20130110
_lUCH01
_h0521
590 _aBATCH-UPD
_b10
_c20130410
_lUCH01
_h0200
590 _aBATCH-UPD
_b10
_c20130914
_lUCH01
_h1428
590 _aCONVERSION
_b10
_c20130109
_lUCH01
_h1335
650 1 4 _aLeguminosas
_xEfecto del medio ambiente.
_965820
650 1 4 _aLeguminosas
_xRendimiento.
_965849
650 1 4 _aLeguminosas
_xValor nutritivo.
_965853
700 0 _aSinha, S. K.
_9106658
830 0 _aFAO. Producción y protección vegetal
_v; 3m
_939654
901 _aBK
942 _cLIBRO
949 _a583.32 F36
_bBC
_cFAO
_d-147396
_eFAO1
_h46683
_i73532
_si
949 _a583.32 F36
_bBC
_cFAO
_d33724000684379
_eFAO2
_fc.2
_h83105
_i73532
_si
999 _c64960
_d64960